| 000 | 00371nam a2200157Ia 4500 | ||
|---|---|---|---|
| 008 | 210210b1936 xxu||||| |||| 00| 0 eng d | ||
| 041 | _aeng | ||
| 082 | _a590/270 | ||
| 100 | _aRONDANO (A) | ||
| 245 | _aIntermediate zoology | ||
| 260 |
_aMangalore _bSt Aloysius College _c1936 |
||
| 650 | _azoology | ||
| 650 | _aIntermediate | ||
| 690 | _aZoology | ||
| 906 | _a010841 | ||
| 999 |
_c138733 _d138733 |
||